Online
Catalog

Las metáforas del fracaso : (Record no. 7234)

MARC details
000 -CABECERA
campo de control de longitud fija 00742cam a2200229 a 4500
001 - NÚMERO DE CONTROL
campo de control 000007453
005 - FECHA Y HORA DE LA ÚLTIMA TRANSACCIÓN
campo de control 20200929154157.0
008 - DATOS DE LONGITUD FIJA--INFORMACIÓN GENERAL
campo de control de longitud fija 920825s1991 cu 001 e spa
040 ## - FUENTE DE LA CATALOGACIÓN
Centro catalogador/agencia de origen DO-SdBNP
Centro/agencia transcriptor DLC
082 ## - NÚMERO DE LA CLASIFICACIÓN DECIMAL DEWEY
Número de clasificación A864.44
Número de documento/Ítem S319m
049 ## - FONDOS LOCALES (OCLC)
Fondos de biblioteca BNGR
100 1# - ENTRADA PRINCIPAL--NOMBRE DE PERSONA
Nombre de persona Scheines, Graciela I.
9 (RLIN) 20726
245 14 - MENCIÓN DE TÍTULO
Título Las metáforas del fracaso :
Resto del título Sudamérica, ¿geografía del desencuentro? /
Mención de responsabilidad, etc. Graciela Scheines.
260 ## - PUBLICACIÓN, DISTRIBUCIÓN, ETC.
Lugar de publicación, distribución, etc. Ciudad de La Habana, (Cuba) :
Nombre del editor, distribuidor, etc. Casa de las Américas,
Fecha de publicación, distribución, etc. c1991.
300 ## - DESCRIPCIÓN FÍSICA
Extensión 192 p. ;
Dimensiones 19 cm.
490 1# - MENCIÓN DE SERIE
Mención de serie Medio milenio
586 ## - NOTA DE PREMIOS
Nota de premios Premio extraordinario
650 #4 - PUNTO DE ACCESO ADICIONAL DE MATERIA--TÉRMINO DE MATERIA
Término de materia o nombre geográfico como elemento de entrada Ensayos argentinos
9 (RLIN) 10689
650 #4 - PUNTO DE ACCESO ADICIONAL DE MATERIA--TÉRMINO DE MATERIA
Término de materia o nombre geográfico como elemento de entrada Literatura argentina
9 (RLIN) 3860
830 #0 - PUNTO DE ACCESO ADICIONAL DE SERIE-TÍTULO UNIFORME
Título uniforme Medio milenio
9 (RLIN) 20727
910 ## - DATOS DE OPCIÓN DEL USUARIO (OCLC)
Datos de opción del usuario Catalogación por copia / LC
Holdings
Estado de retiro Estado de pérdida Restricciones de uso No para préstamo Código de colección Localización permanente Ubicación/localización actual Ubicación en estantería Fecha de adquisición Número de inventario Total de préstamos Signatura topográfica completa Código de barras Fecha visto por última vez Precio válido a partir de Tipo de ítem Koha Número de copia
    Préstamo interno   Monografías: Libros y Folletos General General En catalogación 08.09.2009 LF1   A864.44 S319m 7453-10 25.06.2020 25.06.2020 Préstamo interno  
    Préstamo restringido Préstamo restrigido Monografías: Libros y Folletos General General En catalogación 19.10.2009 LF1   A864.44 S319m 7453-20 25.06.2020 25.06.2020 Préstamo interno e. 2
    Préstamo interno   Monografías: Libros y Folletos General General En catalogación 28.05.2010 LF1   A864.44 S319m 7453-30 25.06.2020 25.06.2020 Préstamo interno e.3

Powered by Koha